[Event "COL-ch Amateur U2000"]
[Site "Paipa"]
[Date "2020.02.29"]
[Round "7"]
[White "Guio, Josue"]
[Black "Penas Burgos, Nestor"]
[Result "1-0"]
[WhiteElo "1833"]
[BlackElo "1675"]
[PlyCount "77"]
[EventDate "2020.02.26"]
[EventType "swiss"]
[EventRounds "9"]
[EventCountry "COL"]
[SourceTitle "CBM 195 Extra"]
[Source "ChessBase"]
[SourceDate "2020.05.31"]
[SourceVersion "1"]
[SourceVersionDate "2020.05.31"]
[SourceQuality "1"]

1. e4 e5 2. Nf3 Nc6 3. Bb5 a6 4. Ba4 Nf6 5. 0-0 d6 6. d3 b5 7. Bb3 Bg4 8. c3 Na5 9. Bc2 c5 10. Re1 Be7 11. Nbd2 Qc7 12. Nf1 0-0 13. Ng3 g6 14. Bh6 Rfe8 15. h3 Bd7 16. Qd2 Nc6 17. d4 Rad8 18. a4 b4 19. d5 bxc3 20. bxc3 Na5 21. Reb1 c4 22. Rb4 Rb8 23. Qe2 Rec8 24. Nd2 Kh8 25. Rab1 Ng8 26. Be3 Rxb4 27. cxb4 c3 28. Nf3 Nc4 29. Bc1 Nd2 30. Ra1 Kg7 31. Kh2 h5 32. Qxa6 h4 33. Ne2 f5 34. exf5 gxf5 35. Ne1 Nf6 36. Qd3 e4 37. Qxc3 Qxc3 38. Nxc3 Rxc3 39. Bxd2 1-0

[Event "Uniagraria AlphaZero op 2nd"]
[Site "Uniagraria"]
[Date "2019.11.09"]
[Round "3"]
[White "Penas Burgos, Nestor"]
[Black "Munoz Galvez, Jhon Edison"]
[Result "0-1"]
[WhiteElo "1718"]
[BlackElo "2332"]
[PlyCount "106"]
[EventDate "2019.11.08"]
[EventType "swiss"]
[EventRounds "7"]
[EventCountry "COL"]
[SourceTitle "CBM 193 Extra"]
[Source "ChessBase"]
[SourceDate "2020.01.31"]
[SourceVersion "1"]
[SourceVersionDate "2020.01.31"]
[SourceQuality "1"]

1. e4 d6 2. d4 e5 3. c3 Nf6 4. Nd2 Nc6 5. d5 Ne7 6. g3 Ng6 7. Bg2 Be7 8. Ne2 0-0 9. f3 c6 10. c4 a5 11. Nc3 Nd7 12. a4 Nc5 13. Nb3 Qb6 14. Nxc5 Qxc5 15. Qe2 Bd8 16. Be3 Qb4 17. 0-0 Bb6 18. Bxb6 Qxb6+ 19. Kh1 f5 20. dxc6 bxc6 21. Rfd1 Qc5 22. Qd3 Rf6 23. Rd2 f4 24. g4 h6 25. Rad1 Rb8 26. Qe2 Ba6 27. Bf1 Rb4 28. Qg2 Nh8 29. h4 Nf7 30. Rc2 Rg6 31. Rdc1 Nd8 32. Nd5 cxd5 33. cxd5 Bxf1 34. Qxf1 Qb6 35. Rc8 Kh7 36. h5 Rf6 37. R1c2 Nf7 38. R8c6 Qd4 39. R6c4 Rxc4 40. Qxc4 Qd1+ 41. Kg2 Qe1 42. Rf2 Ng5 43. Qc3 Qe3 44. Rf1 Rf8 45. Re1 Qxc3 46. bxc3 Rc8 47. Rc1 Rc4 48. Kf2 Rxa4 49. Rc2 Ra1 50. c4 Ra3 51. c5 Rxf3+ 52. Kg2 Rg3+ 53. Kh2 Nf3+ 0-1

[Event "COL-chD"]
[Site "Bogota"]
[Date "2019.09.01"]
[Round "7"]
[White "Caicedo Gomez, Tiana Paola"]
[Black "Penas Burgos, Nestor"]
[Result "0-1"]
[WhiteElo "1111"]
[BlackElo "1753"]
[PlyCount "34"]
[EventDate "2019.08.28"]
[EventType "swiss"]
[EventRounds "7"]
[EventCountry "COL"]
[SourceTitle "EXT 2020"]
[Source "ChessBase"]
[SourceDate "2019.10.17"]
[SourceVersion "1"]
[SourceVersionDate "2019.10.17"]
[SourceQuality "1"]

1. e4 e5 2. d4 exd4 3. c3 d3 4. Bxd3 Bc5 5. Qf3 Nc6 6. Bc4 Ne5 7. Qh5 Bxf2+ 8. Kxf2 Nxc4 9. Bg5 Nf6 10. Qe2 Ne5 11. h3 h6 12. Bf4 Qe7 13. Nd2 Ng6 14. Bxc7 Qc5+ 15. Kf1 Qxc7 16. Ngf3 Ne7 17. e5 Nh5 0-1

[Event "Tunja Boyacense op"]
[Site "Tunja"]
[Date "2018.12.15"]
[Round "5"]
[White "Penas Burgos, Nestor"]
[Black "Cerinza, Pablo"]
[Result "1-0"]
[WhiteElo "1721"]
[BlackElo "1998"]
[PlyCount "52"]
[EventDate "2018.12.13"]
[EventType "swiss"]
[EventRounds "7"]
[EventCountry "COL"]
[SourceTitle "CBM 187 Extra"]
[Source "ChessBase"]
[SourceDate "2018.11.04"]
[SourceVersion "1"]
[SourceVersionDate "2018.11.04"]
[SourceQuality "1"]

1. e4 e6 2. d4 d5 3. Nd2 c5 4. Ngf3 Nf6 5. e5 Nfd7 6. c4 cxd4 7. cxd5 exd5 8. e6 fxe6 9. Nxd4 Qf6 10. N2f3 Bb4+ 11. Bd2 Bxd2+ 12. Qxd2 a6 13. Bd3 e5 14. Qc2 Nb6 15. Bxh7 exd4 16. Bg6+ Kd8 17. 0-0-0 Nc6 18. a3 Bg4 19. Bd3 Ne5 20. Kb1 Nxf3 21. gxf3 Bxf3 22. Rc1 Rc8 23. Qb3 Bxh1 24. Rxh1 Nd7 25. Qxb7 Rh5 26. Re1 Ne5 1-0

[Event "Manizales op 26th"]
[Site "Manizales"]
[Date "2017.01.07"]
[Round "6"]
[White "Jaramillo, Carlos Orlando"]
[Black "Penas Burgos, Nestor"]
[Result "1-0"]
[WhiteElo "1908"]
[BlackElo "1740"]
[PlyCount "65"]
[EventDate "2017.01.04"]
[EventType "swiss"]
[EventRounds "9"]
[EventCountry "COL"]
[SourceTitle "CBM 176 Extra"]
[Source "ChessBase"]
[SourceDate "2017.03.02"]
[SourceVersion "1"]
[SourceVersionDate "2017.03.02"]
[SourceQuality "1"]

1. e4 e5 2. Nf3 Nc6 3. Bb5 a6 4. Ba4 Nf6 5. d3 d6 6. c3 Bg4 7. h3 Bh5 8. Be3 Be7 9. Nbd2 b5 10. Bc2 0-0 11. Nf1 Na5 12. b4 Nb7 13. Ng3 Bg6 14. 0-0 c5 15. bxc5 Nxc5 16. Bxc5 dxc5 17. Nxe5 Qc7 18. f4 h5 19. Nxg6 fxg6 20. d4 h4 21. Ne2 cxd4 22. cxd4 Rac8 23. Rc1 Kh8 24. e5 Nd5 25. Bxg6 Qb6 26. Rxc8 Rxc8 27. Qd3 Rc6 28. Be4 Nb4 29. Qf3 Rh6 30. Rc1 Nxa2 31. Rc8+ Bd8 32. Qb3 g5 33. Qd5 1-0

[Event "Pan American Amateur-ch"]
[Site "San Andres Islas"]
[Date "2014.08.30"]
[Round "8"]
[White "Pena Mora, Carlos"]
[Black "Penas Burgos, Nestor"]
[Result "0-1"]
[WhiteElo "1648"]
[BlackElo "1740"]
[PlyCount "62"]
[EventDate "2014.08.26"]
[EventType "swiss"]
[EventRounds "9"]
[EventCountry "COL"]
[SourceTitle "EXT 2016"]
[Source "ChessBase"]
[SourceDate "2015.10.08"]
[SourceVersion "1"]
[SourceVersionDate "2015.10.08"]
[SourceQuality "1"]

1. e4 e5 2. d4 exd4 3. Qxd4 Nf6 4. Nc3 Nc6 5. Qe3 Be7 6. Bd2 d6 7. h3 Be6 8. a3 a6 9. Nf3 d5 10. Nd4 Nxd4 11. Qxd4 c5 12. Qe5 d4 13. Ne2 h6 14. Bf4 Qb6 15. 0-0-0 Rc8 16. Ng3 g5 17. Bd2 Rh7 18. Nf5 Nd7 19. Ng7+ Kf8 20. Nxe6+ fxe6 21. Qg3 c4 22. Bb4 Bxb4 23. axb4 c3 24. bxc3 Rxc3 25. Rd3 Qxb4 26. Be2 Qc5 27. Bd1 Ne5 28. Kd2 Rc7 29. Rxc3 Qa5 30. Qxe5 dxc3+ 31. Qxc3 Rd7+ 0-1

[Event "Bogota LAB op"]
[Site "Bogota"]
[Date "2014.06.29"]
[Round "3"]
[White "Penas Burgos, Nestor"]
[Black "Rangel, Carlos"]
[Result "0-1"]
[WhiteElo "1749"]
[BlackElo "1973"]
[PlyCount "36"]
[EventDate "2014.06.27"]
[EventType "swiss"]
[EventRounds "6"]
[EventCountry "COL"]
[SourceTitle "EXT 2015"]
[Source "ChessBase"]
[SourceDate "2014.11.20"]
[SourceVersion "1"]
[SourceVersionDate "2014.11.20"]
[SourceQuality "1"]

1. e4 c5 2. Nf3 Nc6 3. d4 cxd4 4. Nxd4 Nf6 5. Nc3 g6 6. Be2 Bg7 7. Be3 0-0 8. Qd2 d5 9. exd5 Nxd5 10. Nxd5 Qxd5 11. Bf3 Qc4 12. b3 Qa6 13. Be2 Qa5 14. c3 Nxd4 15. Bxd4 Rd8 16. b4 Qc7 17. Qe3 e5 18. Bxa7 Rxa7 0-1

[Event "Santander Departamental-ch"]
[Site "Santander"]
[Date "2013.11.29"]
[Round "4"]
[White "Arias, Camilo"]
[Black "Penas Burgos, Nestor"]
[Result "0-1"]
[WhiteElo "1600"]
[BlackElo "1767"]
[PlyCount "45"]
[EventDate "2013.11.28"]
[EventType "swiss"]
[EventRounds "8"]
[EventCountry "COL"]
[SourceTitle "CBM 157 Extra"]
[Source "ChessBase"]
[SourceDate "2013.12.19"]
[SourceVersion "1"]
[SourceVersionDate "2013.12.19"]
[SourceQuality "1"]

1. e4 e5 2. Nf3 Nc6 3. Bb5 a6 4. Ba4 Nf6 5. Nc3 Be7 6. d4 exd4 7. Nxd4 0-0 8. Nxc6 dxc6 9. e5 Ng4 10. f4 b5 11. Bb3 a5 12. a3 Bf5 13. 0-0 Bc5+ 14. Kh1 Qh4 15. h3 Qg3 16. Qxg4 Bxg4 17. Ne4 Qh4 18. Nxc5 a4 19. Ba2 Be2 20. Rg1 Bf3 21. Kh2 Bd5 22. g3 Qe7 23. Be3 0-1